| 000 | 00903nam a2200277Ia 4500 | ||
|---|---|---|---|
| 003 | OSt | ||
| 005 | 20220926012151.0 | ||
| 006 | a|||||r|||| 00| 0 | ||
| 007 | ta | ||
| 008 | 220923b |||||||| |||| 00| 0 eng d | ||
| 020 |
_a157181258x _c7904.15 |
||
| 037 |
_b8736, 19/12/2019, Efficient Book Distributors _cGeneral Book |
||
| 040 |
_aRTL _cRTL _beng |
||
| 041 |
_2eng _aeng |
||
| 082 | _aY73v.49F, P4 | ||
| 100 |
_aYAMASHITA Shinji _9315696 |
||
| 245 | 0 | _aMaking of anthropology in East and Southest Asia. | |
| 260 |
_aNew York _bBerghahn Books _c2004 |
||
| 300 |
_ax, 374p. _ccm. |
||
| 490 | _aAsian Anthropologies | ||
| 650 | _aSociology | ||
| 700 |
_a BOSCO Joseph _9315697 |
||
| 700 |
_a EADES J S _9249101 |
||
| 942 |
_hY73v.49F, P4 _cGB _2CC |
||
| 999 |
_c621960 _d621960 |
||